| 000 | 00756nam a2200265Ia 4500 | ||
|---|---|---|---|
| 003 | OSt | ||
| 005 | 20221002054910.0 | ||
| 006 | a|||||r|||| 00| 0 | ||
| 007 | ta | ||
| 008 | 220930b |||||||| |||| 00| 0 eng d | ||
| 024 | _a71037 | ||
| 037 | _cReference Collections | ||
| 040 |
_aCRL _cCRL _beng |
||
| 041 |
_2eng _aeng |
||
| 082 | _aO11198aN9, N2(RR) | ||
| 100 |
_aHeseltine Harry Au. _9576457 |
||
| 245 | 0 | _aAnnals of australian literature | |
| 250 | _a2nd | ||
| 260 |
_aMelboume _bOxford university press |
||
| 300 |
_a367p. _ccm. |
||
| 650 | _aBIBLIOGRAPHY | ||
| 700 |
_a Hooton Joy Au. _9576458 |
||
| 942 |
_hO11198aN9, N2(RR) _cref _2CC |
||
| 999 |
_c926160 _d926160 |
||